Normal view
MARC view
- المباني-المناطق المدارية-المباني-المساكن
Entry Topical Term
001 - CONTROL NUMBER
- control field: 7961
003 - CONTROL NUMBER IDENTIFIER
- control field: JO-AjAnu
005 - DATE AND TIME OF LATEST TRANSACTION
- control field: 20230606071603.0
008 - FIXED-LENGTH DATA ELEMENTS
- fixed length control field: 230606|| aca||aabn | a|a d
040 ## - CATALOGING SOURCE
- Original cataloging agency: JO-AjAnu
- Transcribing agency: JO-AjAnu
150 ## - HEADING--TOPICAL TERM
- Topical term or geographic name entry element: المباني-المناطق المدارية-المباني-المساكن
670 ## - SOURCE DATA FOUND
- Source citation: Work cat.: (JO-AjAnu)4111: حماد، رزق نمر شعبان, author 7960, الدليل الهندسي في التصميم والمساكن والمباني في المناطق المدارية